000 01070nam a22002057a 4500
005 20210325174523.0
008 s2539 th tha d
041 _atha
050 _aPN4193.K5 ภ671พ 2539
100 0 _aภูมิพลอดุลยเดช, พระบาทสมเด็จพระเจ้าอยู่หัว
245 1 0 _aพระราชดำรัสเนื่องในโอกาสวันเฉลิมพระชนมพรรษา
260 3 _aกรุงเทพฯ :
_bสำนักงานคณะกรรมการวัฒนธรรมแห่งชาติ กระทรวงศึกษาธิการ,
_c2539
300 _a115 หน้า ;
_b 21 ซม.
650 0 4 _aพระราชดำรัส
650 0 4 _aภูมิพลอดุลยเดช, พระบาทสมเด็จพระเจ้าอยู่หัว -- พระราชดำรัส
850 _aNALT
942 _cGB
997 _c000000000004265
998 _aSOPAPORN
999 _c4265
_d4265